Statistics for Hard Spongebob Trivia

Click here to take the quiz!

General Stats

  • This quiz has been taken 78 times
    (76 since last reset)
  • The average score is 10 of 16

Answer Stats

Hint Answer % Correct
2penny
95%
where does spongebob jellyfish at?Jellyfish Fields
95%
1 of spongebob's 3 frineds when he stays indoors?chip
92%
What item does Squidward buy for Spongebob that is secretly a bomb?Pie
85%
3used napkin
78%
What does Spongebob make Squidward a sweater out of?tears
78%
What is the name of the beach in bikini bottom?Goo Lagoon
78%
What island does Spongebob and Sandy go to for Karate?Karate Island
75%
What building was he not tough enough to get into?Salty Spitoon
73%
What is the name of Squidward's enemy?Squilliam Fancyson
69%
What idem does Spongebob, Squidward and Patrick go to receive from the dump for Mr. Krabs?Bed
54%
What is the name for the nursing home that Mermaid Man and Barnacle Boy live in?Shady Shoals
46%
Where did squidward go to live at in 1 episode?Tentacle acres
36%
Who does Spongebob find when playing hide n seek and isn't patrick?Patrick Not Star
25%
What is the name of Squidward's secret club?Cephalopod Lodge
8%
What is the name of squidwards's Tv showTentacle Vision
3%

Score Distribution

Percentile by Number Answered

Percent of People with Each Score

Your Score History

You have not taken this quiz since the last reset